Dùng lý thuyết đồ thị mô phỏng trò chơi Pokemon

Tổng quan về lý thuyết đồ thị, các giải thuận liên quan. Bài toán trò chơi Pokemon. Cài đặt chương trình trò chơi

সংরক্ষণ করুন:
গ্রন্থ-পঞ্জীর বিবরন
প্রধান লেখক: Lê, Thị Huệ (Tác giả)
অন্যান্য লেখক: Trần Quốc Chiến PGS - T.S (Hướng dân)
বিন্যাস: গ্রন্থ
ভাষা:Vietnamese
প্রকাশিত: Đại học Đà Nẵng ĐH Sư phạm 2011
বিষয়গুলি:
ট্যাগগুলো: ট্যাগ যুক্ত করুন
কোনো ট্যাগ নেই, প্রথমজন হিসাবে ট্যাগ করুন!
Thư viện lưu trữ: Mạng thư viện Đại học Đà Nẵng
LEADER 01396nam a2200361 4500
001 000011538
003 7791
005 20120207080253.0
008 120207s2011 viesd
041 |a vie 
072 |a Khóa luận tốt nghiệp 
082 |a 511.5  |b LE-H 
100 |a Lê, Thị Huệ  |e Tác giả 
245 |a Dùng lý thuyết đồ thị mô phỏng trò chơi Pokemon  |c Lê Thị Huệ 
260 |a Đại học Đà Nẵng  |b ĐH Sư phạm  |c 2011 
300 |a 66 tr.  |b Bảng , Hình vẽ  |c 29 cm 
500 |a Khóa luận tốt nghiệp khoa Tin học. Lớp 07 SPT 
520 |a Tổng quan về lý thuyết đồ thị, các giải thuận liên quan. Bài toán trò chơi Pokemon. Cài đặt chương trình trò chơi 
653 |a Lý thuyết 
653 |a Đồ thị 
653 |a Mô phỏng 
653 |a Pokemon 
700 |a Trần Quốc Chiến  |c PGS - T.S  |e Hướng dân 
OWN |a LSP 
AVA |a UDN50  |b LSP  |d 511.5 LE-H  |e available  |t Error 5001 Not defined in file expand_doc_bib_avail.  |f 1  |g 0  |h N  |i 0  |k 1 
999 |a From the UDN01 
AVA |a UDN50  |b LSP  |d 511.5 LE-H  |e available  |t Error 5001 Not defined in file expand_doc_bib_avail.  |f 1  |g 0  |h N  |i 0  |k 1 
TYP |a Monograph 
TYP |a Printed language 
980 |a Mạng thư viện Đại học Đà Nẵng